000 00392nam a2200181Ia 4500
001 15568
005 20260306170205.0
008 260306t2012||||xx |||||||||||||| ||und||
041 _aESP
082 _a547
_bM12 2012
100 _aMcMurry, John
_eAUT
245 0 _aQuímica orgánica
260 _c2012
300 _a
_c
650 _aGEN
654 _aCCN
942 _cLIB
_dJUS
_fJUS
_2ddc
_n
999 _c15568
_d15568